Economic and social survey of Asia and the Pacific. (Record no. 4463)
[ view plain ]
| 000 -LEADER | |
|---|---|
| fixed length control field | 00807nam a22002177a 4500 |
| 003 - CONTROL NUMBER IDENTIFIER | |
| control field | OSt |
| 005 - DATE AND TIME OF LATEST TRANSACTION | |
| control field | 20160910140041.0 |
| 008 - FIXED-LENGTH DATA ELEMENTS--GENERAL INFORMATION | |
| fixed length control field | 160910b xxu||||| |||| 00| 0 eng d |
| 020 ## - INTERNATIONAL STANDARD BOOK NUMBER | |
| International Standard Book Number | 92-1-120148-9 |
| 040 ## - CATALOGING SOURCE | |
| Transcribing agency | LIC |
| 082 ## - DEWEY DECIMAL CLASSIFICATION NUMBER | |
| Edition number | 2003 |
| Classification number | DC 330.950452 |
| Item number | Ec7 |
| 245 ## - TITLE STATEMENT | |
| Title | Economic and social survey of Asia and the Pacific. |
| 260 ## - PUBLICATION, DISTRIBUTION, ETC. (IMPRINT) | |
| Place of publication, distribution, etc. | Bangkok : |
| Name of publisher, distributor, etc. | United Nations, |
| Date of publication, distribution, etc. | c2003. |
| 300 ## - PHYSICAL DESCRIPTION | |
| Extent | xvii, 298 pages: |
| Other physical details | illustrations; |
| Dimensions | 26 cm. |
| 440 ## - SERIES STATEMENT/ADDED ENTRY--TITLE | |
| 9 (RLIN) | 14389 |
| Title | Economic and Social Commission for Asia and the Pacific |
| 650 #0 - SUBJECT ADDED ENTRY--TOPICAL TERM | |
| 9 (RLIN) | 14390 |
| Topical term or geographic name as entry element | Asia -- Economic conditions -- 1945- -- Periodicals |
| 650 #0 - SUBJECT ADDED ENTRY--TOPICAL TERM | |
| 9 (RLIN) | 14391 |
| Topical term or geographic name as entry element | Asia -- Social conditions -- Periodicals |
| 650 #0 - SUBJECT ADDED ENTRY--TOPICAL TERM | |
| 9 (RLIN) | 14392 |
| Topical term or geographic name as entry element | Pacific Area -- Economic conditions -- Periodicals |
| 650 #0 - SUBJECT ADDED ENTRY--TOPICAL TERM | |
| 9 (RLIN) | 14393 |
| Topical term or geographic name as entry element | Pacific Area -- Social conditions -- Periodicals |
| 942 ## - ADDED ENTRY ELEMENTS (KOHA) | |
| Source of classification or shelving scheme | Dewey Decimal Classification |
| Koha item type | Circulation |
| Withdrawn status | Lost status | Source of classification or shelving scheme | Damaged status | Not for loan | Collection code | Home library | Current library | Date acquired | Source of acquisition | Total Checkouts | Full call number | Barcode | Date last seen | Price effective from | Koha item type |
|---|---|---|---|---|---|---|---|---|---|---|---|---|---|---|---|
| Dewey Decimal Classification | Circulation | UM Digos College - LIC | UM Digos College - LIC | 04/26/2010 | PLMP | DC 330.950452 Ec7 2003 | 20775 | 05/15/2025 | 09/10/2016 | Circulation |
